LEADER 01091nam0-2200337---450- 001 990000344980203316 005 20090319130738.0 035 $a0034498 035 $aUSA010034498 035 $a(ALEPH)000034498USA01 035 $a0034498 100 $a20010223d1999----km-y0itay0103----ba 101 $aita 102 $aIT 105 $a||||||||001yy 200 1 $aStudio economico del settore televisivo locale italiano$eanalisi dei bilanci '97 delle TV locali commerciali 210 $aRoma$cOsservatorio delle imprese radiotelevisive private$d1999 215 $a22 p.$d30 cm 606 0 $aTelevisioni private$yItalia 676 $a384.5506545 801 0$aIT$bsalbc$gISBD 912 $a990000344980203316 951 $a384.55 STU 2 (IS III 200)$b24530 G.$cIS III$d00005284 959 $aBK 969 $aECO 979 $aTAMI$b40$c20010223$lUSA01$h1316 979 $c20020403$lUSA01$h1642 979 $aPATRY$b90$c20040406$lUSA01$h1624 979 $aRSIAV4$b90$c20090319$lUSA01$h1307 996 $aStudio economico del settore televisivo locale italiano$9878800 997 $aUNISA LEADER 04706nam 22007575 450 001 9910865247603321 005 20250428122806.0 010 $a9789819729586$b(electronic bk.) 010 $z9789819729579 024 7 $a10.1007/978-981-97-2958-6 035 $a(MiAaPQ)EBC31477233 035 $a(Au-PeEL)EBL31477233 035 $a(CKB)32290993600041 035 $a(DE-He213)978-981-97-2958-6 035 $a(EXLCZ)9932290993600041 100 $a20240612d2024 u| 0 101 0 $aeng 135 $aurcnu|||||||| 181 $ctxt$2rdacontent 182 $cc$2rdamedia 183 $acr$2rdacarrier 200 10$aNew Advances in Translation Technology $eApplications and Pedagogy /$fedited by Yuhong Peng, Huihui Huang, Defeng Li 205 $a1st ed. 2024. 210 1$aSingapore :$cSpringer Nature Singapore :$cImprint: Springer,$d2024. 215 $a1 online resource (281 pages) 225 1 $aNew Frontiers in Translation Studies,$x2197-8697 311 08$aPrint version: Peng, Yuhong New Advances in Translation Technology Singapore : Springer Singapore Pte. Limited,c2024 9789819729579 320 $aIncludes bibliographical references. 327 $aThe rise of translation technology and its historical and continued symbiotic relationship to the pursuit of ideological power -- Revolutionising Translation with AI: Unravelling Neural Machine Translation and Generative Pre-trained Large Language Models -- Cloud Technologies in Media Localisation (Subtitling and Revoicing).-Integrating ASR and MT tools into cloud subtitling workflows: the ¡Sub! and ¡Sub!2 projects -- Industry insights about translation technologies: current needs and future trends. 330 $aFrom using machine learning to shave seconds off translations, to using natural language processing for accurate real-time translation services, this book covers all the aspects. The world of translation technology is ever-evolving, making the task of staying up to date with the most advanced methods a daunting yet rewarding undertaking. That is why we have edited this book?to provide readers with an up-to-date guide to the new advances in translation technology. In this book, readers can expect to find a comprehensive overview of all the latest developments in the field of translation technology. Not only that, the authors dive into the exciting possibilities of artificial intelligence in translation, exploring its potential to revolutionize the way languages are translated and understood. The authors also explore aspects of the teaching of translation technology. Teaching translation technology to students is essential in ensuring the future of this field. With advances in technology such as machine learning, natural language processing, and artificial intelligence, it is important to equip students with the skills to keep up with the latest developments in the field. This book is the definitive guide to translation technology and all of its associated potential. With chapters written by leading translation technology experts and thought leaders, this book is an essential point of reference for anyone looking to understand the breathtaking potential of translation technology. 410 0$aNew Frontiers in Translation Studies,$x2197-8697 606 $aTranslating and interpreting 606 $aNatural language processing (Computer science) 606 $aComputational linguistics 606 $aArtificial intelligence 606 $aLanguage Translation 606 $aNatural Language Processing (NLP) 606 $aComputational Linguistics 606 $aArtificial Intelligence 606 $aTraducció$2thub 606 $aTractament del llenguatge natural (Informàtica)$2thub 606 $aLingüística computacional$2thub 606 $aIntel·ligència artificial$2thub 608 $aLlibres electrònics$2thub 615 0$aTranslating and interpreting. 615 0$aNatural language processing (Computer science) 615 0$aComputational linguistics. 615 0$aArtificial intelligence. 615 14$aLanguage Translation. 615 24$aNatural Language Processing (NLP). 615 24$aComputational Linguistics. 615 24$aArtificial Intelligence. 615 7$aTraducció 615 7$aTractament del llenguatge natural (Informàtica) 615 7$aLingüística computacional. 615 7$aIntel·ligència artificial 676 $a006.3 702 $aPeng$b Yuhong 702 $aHuang$b Huihui 702 $aLi$b Defeng 801 0$bMiAaPQ 801 1$bMiAaPQ 801 2$bMiAaPQ 912 $a9910865247603321 996 $aNew Advances in Translation Technology$94168637 997 $aUNINA